Bully, Rick oder Christian? - Statistiken

Allgemein
  • Dieses Quiz wurde 106 mal gespielt
  • Das Durchschnittsergebnis liegt bei 12 aus 15
Antwortstatistiken
Frage Antwort % Korrekt
Wer spielte die Rollen Abahachi, Mr. Spuck und Lissi? Bully Herbig
97%
Wer moderiert "LOL: Last One Laughing"? Bully Herbig
97%
Wer ist der Regisseur der gemeinsamen Filme? Bully Herbig
97%
Wer spielte die Rollen Ranger, Käptn Kork und Kaiser Franz? Christian Tramitz
92%
Wer spielt eine der Hauptrollen in "Hubert und/ohne Staller"? Christian Tramitz
92%
Wer spielte die Rollen Dimitri, Schrotty und König Bussi? Rick Kavanian
92%
Wer ist der älteste der drei? Christian Tramitz
89%
Wer war/ist auch als Bühnenkomiker aktiv (u.a. mit dem Programm "Kosmopilot")? Rick Kavanian
87%
Wer ist armenischer Abstammung? Rick Kavanian
84%
Wer ist die Stimme von Tingeltangel-Bob bei den "Simpsons", des Erzählers in "How I Met Your Mother" und Marlin in "Findet Nemo? Christian Tramitz
82%
Wer ist die Stimme von Marty in "Madagaskar", Luigi in "Cars" und Kumar in "Harold & Kumar"? Rick Kavanian
74%
Wer stammt aus der Schauspieldynastie Familie Hörbiger? Christian Tramitz
71%
Wer ist die Stimme von Woody aus "Toy Story" (ab Teil 3), Kuzco aus "Ein Königreich für ein Lama" und Fender aus "Robots"? Bully Herbig
63%
Wer spielte die Wilde 13 in den "Jim Knopf"-Realfilmen? Rick Kavanian
42%
Wer hatte einen Gastauftritt bei "Asterix bei den Olympischen Spielen"? Bully Herbig
39%
Keine übereinstimmenden Quizze gefunden
Verteilung der Resultate
Anzahl Personen mit jedem Resultat
Perzentil nach korrekt beantworteten Fragen
Ihre Resultats-Entwicklung
Sie haben dieses Quiz noch nicht gespielt